00931nam a22002297a 4500010001300000020001500013035001300028037001800041040001200059082001600071100003300087245011600120260006300236270005700299300002200356650005800378650003800436650003500474942002500509999001900534952014800553 aA-752971 a8170583195 aA-752971 bCen Lib / Ret aDPLbEn a808.88bAUR aSri Aurobindo Ashram9143317 aThe eternal wisdom :bcentral sayings of great sages of all times /cby Sri Aruobindo Ashram Pondicharry, India aPondicharrybSri Aruobindo Ashram Pondicharry, Indiac1993 aSri Aruobindo Ashram Pondicharry, IndiabPondicharry a18+588pc22cm(Hb) aMysticism -- History -- Middle Ages, 600-1500.974300 aMysticism -- Middle Ages.9143318 aRELIGION -- Mysticism.9143319 2ddccENh808.88mAUR c136355d136355 04104070aLbLd2016-04-04eCen Lib/Retl0o808.88 AURpA-752971r2016-04-04 00:00:00t1w2016-04-04yENzW/d List No. 8131/15; dtd 20.2.2017